[Event "Challenge"]
[Site "http://www.queenalice.com/game.php?id=1037062"]
[Date "2012.3.8"]
[Round "-"]
[White "ddelfee"]
[Black "infideldie"]
[Result "0-1"]
[WhiteElo "900"]
[BlackElo "1134"]

1. d4 d5 2. Nf3 f5 3. Nc3 e6 4. Ng5 Nf6 5. Nxe6 Bxe6 6. h4 Nc6 7. Bf4 Qd7 8. Rh3
O-O-O 9. Nb5 a6 10. Ra3 axb5 11. Ra8+ Nb8 12. a3 Qc6 13. b4 Bxb4+ 14. axb4 Rd7
15. R1a3 Rdd8 16. g3 Kd7 17. Re3 Na6 18. Qd2 Rxa8 19. Bxc7 Qxc7 20. Rc3 Qd6 21.
Rd3 Nxb4 22. c3 Nxd3+ 23. Qxd3 Ra1+ 24. Kd2 Ne4+ 25. Kc2 Nxf2 26. Qd2 Ra2+ 0-1

[Event "Challenge"]
[Site "http://www.queenalice.com/game.php?id=1039172"]
[Date "2012.3.15"]
[Round "-"]
[White "jujuju"]
[Black "infideldie"]
[Result "1-0"]
[WhiteElo "1761"]
[BlackElo "1158"]

1. d4 f5 2. g3 Nf6 3. Bg2 d5 4. Nc3 e6 5. Nf3 Nc6 6. Bf4 Bd6 7. O-O Bxf4 8. gxf4
Bd7 9. Ne5 Nxe5 10. fxe5 Ne4 11. f3 Nxc3 12. bxc3 c6 13. e4 O-O 14. a4 Qg5 15.
f4 Qg6 16. exf5 Rxf5 17. h3 a5 18. Rb1 b5 19. axb5 cxb5 20. Qc1 Raf8 21. Ra1 a4
22. Kh2 h5 23. Kg1 Qh6 24. Re1 Rxf4 25. Qe3 Qg5 26. Re2 h4 27. Rd1 Be8 28. Rf2
Bh5 29. Rdf1 a3 30. Rxf4 Rxf4 31. Qxf4 Qxf4 32. Rxf4 Bd1 33. Rf1 1-0

[Event "Challenge"]
[Site "http://www.queenalice.com/game.php?id=1040472"]
[Date "2012.3.19"]
[Round "-"]
[White "infideldie"]
[Black "nuage"]
[Result "0-1"]
[WhiteElo "1194"]
[BlackElo "1609"]

1. d4 Nf6 2. e3 e6 3. Nf3 d5 4. Ne5 a6 5. Bd3 b5 6. Bd2 Bd6 7. Qf3 O-O 8. Qh3 h6
9. Ng4 Nbd7 10. Nxh6+ gxh6 11. Qxh6 e5 12. dxe5 Nxe5 13. Qg5+ Ng6 14. Nc3 Qe7
15. O-O-O Ng4 16. Qxe7 Nxe7 17. Be1 Bd7 18. h3 Ne5 19. Be2 b4 20. Nxd5 N7g6 21.
f4 Nc6 22. Nf6+ Kg7 23. Nxd7 Rfd8 24. Ne5 Ngxe5 25. fxe5 Nxe5 26. g4 a5 27. g5
Bc5 28. Rf1 Bxe3+ 29. Kb1 c5 30. Rf5 Re8 31. Rd5 Ng6 32. Bc4 Bxg5 33. Rd1 f6 34.
Bb5 Red8 35. Rxd8 Rxd8 36. Be2 Rc8 37. Bf2 Re8 38. Bd1 Rd8 39. Be2 Rd2 40. b3
Rxe2 41. Bxc5 Re1+ 42. Kb2 Rh1 43. a3 Rxh3 44. axb4 Nh4 45. Rd5 Kg6 46. bxa5 f5
47. a6 Re3 48. a7 Re8 49. b4 Bf6+ 50. c3 Kg5 51. b5 Ra8 52. Rd7 Rc8 53. Rd5 Nf3
54. b6 Ne5 55. b7 Nc4+ 56. Kb3 Na5+ 57. Kb4 Nxb7 58. Be3+ Kg6 59. c4 Be7+ 60. c5
Ra8 61. Rd7 Rxa7 62. Rxe7 Kf6 63. Rc7 Ke5 64. c6 Ra6 65. Rxb7 Rxc6 66. Re7+ Kf6
67. Rh7 Ke5 68. Kb5 Rc3 69. Re7+ Kf6 70. Rd7 Rxe3 71. Kc4 f4 72. Rd4 f3 73. Rf4+
Ke5 74. Rf8 Ke4 75. Re8+ Kf4 76. Rxe3 Kxe3 0-1

[Event "Patrycia 1"]
[Site "http://www.queenalice.com/game.php?id=1047069"]
[Date "2012.4.8"]
[Round "-"]
[White "infideldie"]
[Black "Patrycia"]
[Result "1-0"]
[WhiteElo "1219"]
[BlackElo "1022"]

1. e4 b6 2. d4 Na6 3. Bd2 g6 4. Bd3 Bb7 5. Qe2 f5 6. Bxa6 Bxa6 7. Qxa6 fxe4 8.
Nc3 d6 9. Nxe4 Qd7 10. Qb7 Rd8 11. Qxa7 Nf6 12. Nxf6+ exf6 13. Qa3 h5 14. Nf3 g5
15. Qd3 Rh6 16. O-O d5 17. Rae1+ Kf7 18. Re2 Bg7 19. Rfe1 Rhh8 20. Re7+ Qxe7 21.
Rxe7+ Kxe7 22. Bb4+ Ke8 23. Qg6+ Kd7 24. Qxg7+ Ke6 25. Qe7+ Kf5 26. Qe2 g4 27.
Nh4+ Kg5 28. g3 Ra8 29. Bd2# 1-0

[Event "SP 1"]
[Site "http://www.queenalice.com/game.php?id=1049608"]
[Date "2012.4.17"]
[Round "-"]
[White "infideldie"]
[Black "sylviamm"]
[Result "0-1"]
[WhiteElo "1235"]
[BlackElo "1496"]

1. e4 e5 2. Nf3 Nc6 3. d3 Bc5 4. Be3 d6 5. Bxc5 dxc5 6. Be2 Nd4 7. Nxd4 cxd4 8.
c4 Qg5 9. O-O Ne7 10. Bf3 Ng6 11. Nd2 Nf4 12. Nb3 O-O 13. Nc5 Bh3 14. g3 b6 15.
Re1 bxc5 16. g4 Qh4 17. Qd2 Rab8 18. a4 Rb6 19. Rab1 Bxg4 20. Qd1 Rh6 21. Bxg4
Qxh2+ 0-1

[Event "SP 1"]
[Site "http://www.queenalice.com/game.php?id=1049609"]
[Date "2012.4.17"]
[Round "-"]
[White "infideldie"]
[Black "sylviamm"]
[Result "0-1"]
[WhiteElo "1225"]
[BlackElo "1532"]

1. c4 d6 2. e4 Nf6 3. Nf3 e5 4. b3 c5 5. Nc3 g6 6. Be2 Nc6 7. d3 Bg7 8. a3 O-O
9. O-O Nd4 10. Nxd4 Bg4 11. Nf3 Re8 12. h3 Bd7 13. Bg5 Qc7 14. Bxf6 Bxf6 15. Nd5
Qd8 16. Nxf6+ Qxf6 17. Qd2 a6 18. Ng5 b6 19. h4 h6 20. Nh3 Qxh4 21. Qe3 g5 22.
Kh2 g4 23. Rh1 gxh3 24. g3 Qg5 25. Qxg5+ hxg5 26. g4 b5 27. Kxh3 Reb8 28. Kg3
bxc4 29. bxc4 Rb2 30. Kf3 Rab8 31. Rag1 R8b3 32. Rh5 Kf8 33. Rgh1 Bxg4+ 34. Kxg4
Rxe2 35. Rh8+ Ke7 36. Kf3 Rc2 37. R1h2 Rxd3+ 38. Kg2 Rxc4 0-1

[Event "tom 1"]
[Site "http://www.queenalice.com/game.php?id=1069078"]
[Date "2012.6.7"]
[Round "-"]
[White "tewald"]
[Black "infideldie"]
[Result "0-1"]
[WhiteElo "1903"]
[BlackElo "1219"]

1. d4 f5 2. Bg5 Nf6 3. Bxf6 gxf6 4. e4 d6 5. Qh5+ Kd7 6. Qxf5+ e6 7. Qb5+ c6 8.
Qb3 b5 9. d5 exd5 10. exd5 Qb6 11. dxc6+ Nxc6 12. Bxb5 Ke7 13. Nc3 Be6 14. Nd5+
Bxd5 15. Qd3 Bxg2 16. Bxc6 Qxc6 17. Qe3+ Kf7 18. O-O-O Bxh1 0-1

[Event "Let's Play Chess!"]
[Site "http://www.queenalice.com/game.php?id=1076183"]
[Date "2012.6.25"]
[Round "-"]
[White "MrDJRVD"]
[Black "infideldie"]
[Result "1-0"]
[WhiteElo "1239"]
[BlackElo "1217"]

1. d4 d5 2. c4 dxc4 3. e3 b5 4. a4 c6 5. axb5 cxb5 6. Nc3 Bd7 7. b3 e6 8. bxc4
bxc4 9. Bxc4 Bb4 10. Bd2 Nf6 11. Nf3 a5 12. Nb5 Qb6 13. Bxb4 Bxb5 14. Bxb5+ Qxb5
15. Bc5 1-0

[Event "Let's Play Chess!"]
[Site "http://www.queenalice.com/game.php?id=1076185"]
[Date "2012.6.25"]
[Round "-"]
[White "infideldie"]
[Black "MrDJRVD"]
[Result "0-1"]
[WhiteElo "1239"]
[BlackElo "1222"]

1. c4 c5 2. e4 d6 3. d3 g6 4. f3 Bg7 5. Be3 Bxb2 6. Nd2 Bxa1 7. Qxa1 Nf6 8. g3
Nbd7 9. Nb3 O-O 10. g4 Ne5 11. g5 Nh5 12. f4 Nc6 13. Nf3 Re8 0-1

[Event "Let's Play Chess!"]
[Site "http://www.queenalice.com/game.php?id=1076202"]
[Date "2012.6.25"]
[Round "-"]
[White "rotwein"]
[Black "infideldie"]
[Result "1-0"]
[WhiteElo "2161"]
[BlackElo "1198"]

1. d4 d5 2. c4 dxc4 3. e3 b5 4. a4 c6 5. axb5 cxb5 6. Qf3 Bb7 7. Qxb7 Nd7 8.
Qxb5 Rb8 9. Qxc4 Nb6 10. Qc2 Rc8 11. Qd1 Nf6 12. Bb5+ Nfd7 13. Nf3 e6 14. O-O
Bd6 15. Rxa7 O-O 16. Bxd7 Nxd7 17. Nc3 Bb4 18. Qa4 Bd6 19. Rxd7 Qe8 20. Rxd6 1-0

[Event "Let's Play Chess!"]
[Site "http://www.queenalice.com/game.php?id=1076203"]
[Date "2012.6.25"]
[Round "-"]
[White "infideldie"]
[Black "rotwein"]
[Result "0-1"]
[WhiteElo "1198"]
[BlackElo "2141"]

1. d4 Nf6 2. Nf3 e6 3. Nc3 c5 4. Be3 cxd4 5. Nxd4 d5 6. Qd3 Nc6 7. Nxc6 bxc6 8.
O-O-O Be7 9. g3 O-O 10. Bd4 c5 11. Be5 Bb7 12. Bg2 Qa5 13. Qb5 Qxb5 14. a4 Qa5
15. b3 Ng4 0-1

[Event "Let's Play Chess!"]
[Site "http://www.queenalice.com/game.php?id=1076226"]
[Date "2012.6.25"]
[Round "-"]
[White "infideldie"]
[Black "charles31"]
[Result "0-1"]
[WhiteElo "1198"]
[BlackElo "1757"]

1. d4 d5 2. Nc3 Nc6 3. f4 Nf6 4. e3 Bf5 5. Nf3 e6 6. Bd3 Bb4 7. Bxf5 exf5 8. a3
Bxc3+ 9. bxc3 Ne4 10. Bb2 Na5 11. Qe2 Nc4 12. Rb1 Qd6 13. O-O f6 14. Bc1 Nxc3
0-1

[Event "Let's Play Chess!"]
[Site "http://www.queenalice.com/game.php?id=1083332"]
[Date "2012.7.16"]
[Round "-"]
[White "spawnwolfwolverine"]
[Black "infideldie"]
[Result "1-0"]
[WhiteElo "1719"]
[BlackElo "1198"]

1. d4 Nf6 2. e3 d5 3. g3 Nc6 4. Bb5 Bd7 5. Nf3 a6 6. Ba4 b5 7. Bb3 a5 8. a3 a4
9. Ba2 Ne4 10. O-O Bh3 11. Re1 e6 12. Nbd2 Qf6 13. Rf1 Bg4 14. Kg2 Bd6 15. b3
Qh6 16. h4 g5 17. Qe1 gxh4 18. Nxh4 Be7 19. Nxe4 dxe4 20. Rh1 Bxh4 21. Rxh4 Qg5
22. c4 h5 23. cxb5 Na5 24. b4 Qxb5 25. bxa5 Bf3+ 26. Kh2 Rxa5 27. Rb1 Qe2 28.
Qxe2 Bxe2 29. Rb8+ Ke7 30. Rxh8 Rf5 31. f4 1-0

[Event "Challenge"]
[Site "http://www.queenalice.com/game.php?id=1102927"]
[Date "2012.9.14"]
[Round "-"]
[White "Rogerio11"]
[Black "infideldie"]
[Result "1-0"]
[WhiteElo "1397"]
[BlackElo "1185"]

1. e4 e5 2. Bc4 Nf6 3. d4 Qe7 4. dxe5 Nxe4 5. f3 Nf2 6. Kxf2 Qc5+ 7. Kg3 Qxc4 8.
b3 Qc6 9. c4 Qg6+ 10. Kf2 Bc5+ 11. Kf1 d6 12. Qe1 Be6 13. exd6 cxd6 14. Qe4 Qxe4
15. fxe4 Nc6 16. Nf3 Nd4 17. Nbd2 f6 18. h4 Nc2 19. Rb1 Ne3+ 20. Ke2 a5 21. h5
Nxg2 22. Rh2 1-0

[Event "Let's Play Chess!"]
[Site "http://www.queenalice.com/game.php?id=1106055"]
[Date "2012.9.24"]
[Round "-"]
[White "vieri"]
[Black "infideldie"]
[Result "1-0"]
[WhiteElo "1283"]
[BlackElo "1198"]

1. e3 d5 2. Bb5+ c6 3. Bd3 e5 4. e4 d4 5. Bc4 b5 6. Nf3 bxc4 7. Nxe5 Be6 8. O-O
f6 9. Nf3 Bd6 10. Nxd4 Bd7 11. c3 Be5 12. Nf3 1-0